La decisión es nuestra: 7º Básico, manual para profesores. Programa de prevención del consumo de drogas y alcohol 7º Básico a IVº Medio.

שמור ב:
מידע ביבליוגרפי
Corporate Authors: SENDA, Servicio Nacional para la Prevención y Rehabilitación del Consumo de Drogas y Alcohol
פורמט: ספר
שפה:ספרדית
יצא לאור: Santiago, Chile SENDA 2016
מהדורה:1a. ed
נושאים:
תגים: הוספת תג
אין תגיות, היה/י הראשונ/ה לתייג את הרשומה!

MARC

LEADER 00000cam a2200000 a 4500
001 UCC0632
003 CL-VaPUC
005 20230623074149.0
008 170825e20160000cl |||||||||||||||||spa|d
999 |c 369406  |d 369404 
020 |a 9789569141348 
040 |c Pontificia Universidad Católica de Valparaíso 
082 0 4 |a 371.784 SEN 2016  |2 21 
110 2 |a SENDA  |9 594619 
245 1 3 |a La decisión es nuestra: 7º Básico, manual para profesores. Programa de prevención del consumo de drogas y alcohol 7º Básico a IVº Medio. 
250 |a 1a. ed 
260 0 3 |a Santiago, Chile  |b SENDA  |c 2016 
300 |a 64 páginas 
500 |a incluye: 40 fichas informativas sobre la marihuana. 42 fichas para estudiantes. Sesión 1 ¡Cambios y más cambios! 42 fichas para estudiantes. Sesión 4 ¿En piloto automático? ¡Despierta! 21 fichas. Sesión 3 Marihuana y salud ¡Compatibles? 48 tarjetas. Taller de apoderados 2 Hablemos de drogas. 76 tarjetas. Sesión 2 Iguales y diferentes. 10 tarjetas. Sesión 5 decido ser libre. 
583 |a last modification  |c 20170825 13:52:00  |k Rodrigo Vera 
650 0 |a Rol del docente  |9 329733 
650 7 |a PREVENCION DE DROGAS  |2 CL-VaPUC  |9 419242 
650 0 |a Abuso de drogas  |9 254876 
650 0 |a Educación básica   |9 224933 
650 0 |a Alcoholismo  |9 259651 
710 2 |a Servicio Nacional para la Prevención y Rehabilitación del Consumo de Drogas y Alcohol  |9 594620 
942 |c BK  |2 ddc 
945 |d 20170825 13:52:00  |a dcastane 
952 |0 0  |1 0  |2 ddc  |3 erb  |4 0  |6 371_784000000000000_SEN_2016  |7 0  |8 P  |9 485172  |a BIBEDU  |b BIBEDU  |c BIBEDU_PB  |i 5418496  |o 371.784 SEN 2016  |p 5418496  |r 2024-01-25  |t 1  |w 2019-11-24  |y BK  |z Catalogado en:20170825  |k EDU